[Event "Ceske Budejovice op-B"]
[Site "Ceske Budejovice"]
[Date "2022.07.04"]
[Round "4"]
[White "Frnoch, Vojtech"]
[Black "Zezula, Matej"]
[Result "1/2-1/2"]
[WhiteElo "1593"]
[BlackElo "1409"]
[PlyCount "48"]
[EventDate "2022.07.01"]
[EventType "swiss"]
[EventRounds "9"]
[EventCountry "CZE"]
[SourceTitle "EXT 2023"]
[Source "ChessBase"]
[SourceDate "2022.10.05"]
[SourceVersion "1"]
[SourceVersionDate "2022.10.05"]
[SourceQuality "1"]

1. c4 e6 2. d4 d5 3. Nc3 c5 4. e3 Nf6 5. Nf3 Be7 6. Bd3 Nc6 7. a3 0-0 8. 0-0 b6 9. dxc5 Bxc5 10. cxd5 exd5 11. Qc2 h6 12. Rd1 Bg4 13. Be2 Re8 14. Nd4 Nxd4 15. exd4 Bxe2 16. Nxe2 Bd6 17. Ng3 Rc8 18. Qd3 Ne4 19. Qf3 Re6 20. Be3 Rc2 21. Nxe4 Rxe4 22. g3 Rxb2 23. Rdc1 Qd7 24. Rc3 Kh7 1/2-1/2

[Event "Ceske Budejovice op-B"]
[Site "Ceske Budejovice"]
[Date "2022.07.03"]
[Round "3"]
[White "Zezula, Matej"]
[Black "Kouba, Petr"]
[Result "1-0"]
[WhiteElo "1409"]
[BlackElo "1696"]
[PlyCount "63"]
[EventDate "2022.07.01"]
[EventType "swiss"]
[EventRounds "9"]
[EventCountry "CZE"]
[SourceTitle "EXT 2023"]
[Source "ChessBase"]
[SourceDate "2022.10.05"]
[SourceVersion "1"]
[SourceVersionDate "2022.10.05"]
[SourceQuality "1"]

1. e4 d6 2. d4 Nf6 3. Nc3 g6 4. Nf3 Bg7 5. Be2 0-0 6. Bf4 Bg4 7. 0-0 Nbd7 8. h3 Bxf3 9. Bxf3 e5 10. dxe5 Nxe5 11. Bg5 h6 12. Bh4 g5 13. Bg3 Nxf3+ 14. Qxf3 Nd7 15. Rad1 Ne5 16. Qe2 a6 17. f4 Ng6 18. f5 Ne5 19. Nd5 c6 20. f6 cxd5 21. fxg7 Re8 22. Bxe5 Rxe5 23. Qh5 f5 24. Qxh6 Kf7 25. Qh7 Qg8 26. Rxf5+ Rxf5 27. Qxf5+ Kxg7 28. Rxd5 Qd8 29. Qe6 Qb6+ 30. Kh2 Qe3 31. Qe7+ Kg8 32. Rxg5+ 1-0